Исторический опыт трудового воспитания студенческой молодежи. 1958-1991 гг. (На примере Высшей школы Сибири); Известия Томского политехнического университета [Известия ТПУ]; Т. 307, № 7
| Parent link: | Известия Томского политехнического университета [Известия ТПУ]/ Томский политехнический университет (ТПУ).— , 2000- Т. 307, № 7.— 2004.— [С. 153-158] |
|---|---|
| 1. Verfasser: | |
| Zusammenfassung: | Заглавие с титульного листа Электронная версия печатной публикации Статья посвящена проблемам развития движения студенческих строительных отрядов в вузах Сибири в конце 50-х - начале 90-х гг. XX в. Автор исследует комплекс вопросов, связанных с их формированием, развитием новых форм стройотрядовского движения. Особое внимание уделено общественно-политической стороне трудового воспитания студенчества. |
| Sprache: | Russisch |
| Veröffentlicht: |
2004
|
| Schriftenreihe: | Социально-экономические и гуманитарные науки |
| Schlagworte: | |
| Online-Zugang: | http://www.lib.tpu.ru/fulltext/v/Bulletin_TPU/2004/v307/i7/35.pdf |
| Format: | MixedMaterials Elektronisch Buchkapitel |
| KOHA link: | https://koha.lib.tpu.ru/cgi-bin/koha/opac-detail.pl?biblionumber=170041 |
MARC
| LEADER | 00000nla2a2200000 4500 | ||
|---|---|---|---|
| 001 | 170041 | ||
| 005 | 20231031163602.0 | ||
| 035 | |a (RuTPU)RU\TPU\book\184411 | ||
| 035 | |a RU\TPU\book\184409 | ||
| 090 | |a 170041 | ||
| 100 | |a 20091119d2004 k y0rusy50 ca | ||
| 101 | 0 | |a rus | |
| 102 | |a RU | ||
| 135 | |a drnn ---uucaa | ||
| 181 | 0 | |a i | |
| 182 | 0 | |a b | |
| 200 | 1 | |a Исторический опыт трудового воспитания студенческой молодежи. 1958-1991 гг. (На примере Высшей школы Сибири) |b Электронный ресурс |f В. В. Петрик | |
| 203 | |a Текст |c электронный | ||
| 215 | |a 1 файл (129 Кб) | ||
| 225 | 1 | |a Социально-экономические и гуманитарные науки | |
| 230 | |a Электронные текстовые данные (1 файл : 129 Кб) | ||
| 300 | |a Заглавие с титульного листа | ||
| 300 | |a Электронная версия печатной публикации | ||
| 320 | |a [Библиогр.: с. 158 (42 назв.)] | ||
| 330 | |a Статья посвящена проблемам развития движения студенческих строительных отрядов в вузах Сибири в конце 50-х - начале 90-х гг. XX в. Автор исследует комплекс вопросов, связанных с их формированием, развитием новых форм стройотрядовского движения. Особое внимание уделено общественно-политической стороне трудового воспитания студенчества. | ||
| 337 | |a Adobe Reader | ||
| 461 | 1 | |0 (RuTPU)RU\TPU\book\176237 |t Известия Томского политехнического университета [Известия ТПУ] |f Томский политехнический университет (ТПУ) |d 2000- | |
| 463 | 1 | |0 (RuTPU)RU\TPU\book\184338 |t Т. 307, № 7 |v [С. 153-158] |d 2004 |p 195 с. | |
| 610 | 1 | |a исторический опыт | |
| 610 | 1 | |a трудовое воспитание | |
| 610 | 1 | |a студенческая молодежь | |
| 610 | 1 | |a 20 век | |
| 610 | 1 | |a проблемы | |
| 610 | 1 | |a развитие | |
| 610 | 1 | |a движения | |
| 610 | 1 | |a студенческие отряды | |
| 610 | 1 | |a строительные отряды | |
| 610 | 1 | |a вузы | |
| 610 | 1 | |a высшие учебные заведения | |
| 610 | 1 | |a Сибирь | |
| 610 | 1 | |a формирование | |
| 610 | 1 | |a формы | |
| 610 | 1 | |a трудовое воспитание | |
| 610 | 1 | |a студенчество | |
| 610 | 1 | |a труды учёных ТПУ | |
| 610 | 1 | |a электронный ресурс | |
| 700 | 1 | |a Петрик |b В. В. |c историк |c профессор Томского политехнического университета, доктор исторических наук |f 1960- |g Валерий Владимирович |2 stltpush |3 (RuTPU)RU\TPU\pers\25435 | |
| 801 | 1 | |a RU |b 63413507 |c 20090623 |g PSBO | |
| 801 | 2 | |a RU |b 63413507 |c 20210730 |g PSBO | |
| 856 | 4 | |u http://www.lib.tpu.ru/fulltext/v/Bulletin_TPU/2004/v307/i7/35.pdf | |
| 942 | |c CF | ||